| 000 | 02355cab a2200421 4500 | ||
|---|---|---|---|
| 001 | ##L132601 | ||
| 008 | 060222n2006 000 0 eng u | ||
| 035 | _a(Sirsi) u132601 | ||
| 041 | 0 | _aeng | |
| 100 | 1 | _aAmbrose, Peter | |
| 245 | 0 | 0 | _aProperty law supplement |
| 260 | _c2006 | ||
| 490 | 0 |
_aNew Law Journal _v156 (7211) 10 February 2006, 213-230(12) |
|
| 520 | _aArticles covering developments in property law: "Hip hip hooray?" investigates how radically Home Information Packs will change conveyancing and their effect on independent solicitors; "(In)comprehensive reform" reviews the impact of reforms to the planning and development control system and questions any fundamental change; "REITS - are we any the wiser?" calls for the draft regulations on the UK Real Estate Investment Trust to be revamped if the concept is to be embraced by the property industry; "The e-conveyancing jigsaw" discusses progress down the e-conveyancing route and why cautious optimism about its future is justified; "New lease of life" argues that compulsory prescribed clauses will mean more work for practitioners but should reduce the chances of Land Registry errors; "Commonhold - a quiet revolution?" asks why no major commonhold development has arrived yet, and "Seeing the light" considers recent case law on the ancient right to light and reflects on its importance to developers. | ||
| 590 | _aIKA280206 | ||
| 650 | 2 | 4 | _aMIDTOWN LTD V CITY OF LONDON REAL PROPERTY CO LTD |
| 650 | 2 | 4 | _aPRESCRIPTION ACT 1832 S3 |
| 650 | 2 | 4 | _aLAW OF PROPERTY ACT 1925 S62 |
| 650 | 2 | 4 | _aR V CORPORATION OF LONDON LBC EX P MYSTERY OF THE BARBERS OF LONDON |
| 650 | 2 | 4 | _aTOWN AND COUNTRY PLANNING ACT 1990 S237 |
| 650 | 2 | 4 | _aCOLLS V HOME & COLONIAL STORES 1904 |
| 650 | 2 | 4 | _aHUMAN RIGHTS ACT 1998 |
| 650 | 2 | 4 | _aRIGHTS TO LIGHT |
| 650 | 2 | 4 | _aPYE (OXFORD) LTD & ANOR V UNITED KINGDOM |
| 650 | 2 | 4 | _aLAND REGISTRATION (AMENDMENT) (NO 2) RULES 2005 |
| 650 | 2 | 4 | _aCOMMONHOLD AND LEASEHOLD REFORM ACT 2002 |
| 650 | 2 | 4 | _aPLANNING AND COMPULSORY PURCHASE ACT 2004 |
| 650 | 2 | 4 | _aHOME INFORMATION PACKS |
| 690 | _aPROPERTY | ||
| 700 | 1 | _aSteele, Andrew | |
| 700 | 1 | _aLarcombe, Fiona | |
| 700 | 1 | _aBiddlecombe, Rob | |
| 700 | 1 | _aHigbee, Janet | |
| 700 | 1 | _aMackie, Bill | |
| 700 | 1 | _aLeonard, Ella | |
| 700 | 1 | _aSimmons, Christopher | |
| 942 | _n0 | ||
| 999 |
_c76521 _d76521 |
||